Maryland Major & Minor Teams - Statistics

General Stats
  • This quiz has been taken 83 times
    75 since last reset
  • The average score is 9 of 17
Answer Stats
NCAA % Correct
Baltimore Orioles
97%
Baltimore Ravens
97%
Washington Commanders
92%
Maryland Terrapins
79%
Bowie Baysox
62%
Towson Tigers
56%
Aberdeen IronBirds
54%
Navy Midshipmen
51%
Delmarva Shorebirds
49%
UMBC Retrievers
46%
Loyola Greyhounds
33%
Maryland Eastern Shore Hawks
33%
Morgan State Bears
33%
Mount St. Mary's Mountaineers
23%
Coppin State Eagles
21%
Southern Maryland Blue Crabs
18%
Maryland Black Bears
13%
No matching quizzes found
Score Distribution
Percent of People with Each Score
Percentile by Number Answered
Your Score History
You have not taken this quiz since the last reset